000 00276nam a22001097a 4500
999 _c166993
_d166993
082 _a
_b
100 _aVishwanath Satyanarayan
245 _aSahasraphan/
_cby Vishwanath Satyanarayan.
260 _aNew Delhi:
_bBharathiya Vidya Prakashan,
_c2000.
650 _a
942 _cBK